Fighting battle against poverty (Record no. 72468)
[ view plain ]
| 000 -LEADER | |
|---|---|
| fixed length control field | 01125cam a2200229 4500 |
| 001 - CONTROL NUMBER | |
| control field | WB3914-20 |
| 008 - FIXED-LENGTH DATA ELEMENTS--GENERAL INFORMATION | |
| fixed length control field | 030409n2003 000 0 eng u |
| 035 ## - SYSTEM CONTROL NUMBER | |
| System control number | (Sirsi) u121935 |
| 245 ## - TITLE STATEMENT | |
| Title | Fighting battle against poverty |
| 260 ## - PUBLICATION, DISTRIBUTION, ETC. | |
| Date of publication, distribution, etc. | 2003 |
| 490 ## - SERIES STATEMENT | |
| Series statement | ODPM News Release |
| Volume/sequential designation | (068) 8 April 2003 (3) |
| 490 ## - SERIES STATEMENT | |
| Series statement | ODPM News Release |
| Volume/sequential designation | (069) 8 April 2003 (2) |
| 520 ## - SUMMARY, ETC. | |
| Summary, etc. | Eighty-eight local authorities in England's most deprived areas will receive a share of the latest £800m Neighbourhood Renewal Fund. Speaking at the "New agenda for British housing" conference, John Prescott also announced three new urban regeneration companies in Sandwell, Derby, West Cumbria and Furness and emphasised the role of land-use planning in delivering the sustainable communities plan. www.odpm.gov.uk/pns/DisplayPN.cgi?pn_id=2003_0068. www.odpm.gov.uk/pns/DisplayPN.cgi?pn_id=2003_0069. |
| 590 ## - LOCAL NOTE (RLIN) | |
| Local note | WB |
| 650 ## - SUBJECT ADDED ENTRY--TOPICAL TERM | |
| Topical term or geographic name entry element | NEIGHBOURHOOD RENEWAL FUND |
| 650 ## - SUBJECT ADDED ENTRY--TOPICAL TERM | |
| Topical term or geographic name entry element | DEPRIVED AREAS |
| 650 ## - SUBJECT ADDED ENTRY--TOPICAL TERM | |
| Topical term or geographic name entry element | URBAN REGENERATION COMPANIES |
| 650 ## - SUBJECT ADDED ENTRY--TOPICAL TERM | |
| Topical term or geographic name entry element | SUSTAINABLE COMMUNITIES |
| 650 ## - SUBJECT ADDED ENTRY--TOPICAL TERM | |
| Topical term or geographic name entry element | LAND USE PLANNING |
| 690 ## - LOCAL SUBJECT ADDED ENTRY--TOPICAL TERM (OCLC, RLIN) | |
| Topical term or geographic name as entry element | REGENERATION |
| 942 ## - ADDED ENTRY ELEMENTS (KOHA) | |
| Suppress in OPAC | 0 |
| Withdrawn status | Lost status | Source of classification or shelving scheme | Damaged status | Not for loan | Home library | Current library | Shelving location | Date acquired | Total Checkouts | Full call number | Barcode | Date last seen | Copy number | Price effective from | Koha item type |
|---|---|---|---|---|---|---|---|---|---|---|---|---|---|---|---|
| Dewey Decimal Classification | London | London | News article | 09/04/2003 | WB3914-20 | 121935-1001 | 06/08/2019 | 1 | 06/08/2019 | News article |